00438nam a2200157Ia 4500003000900000008004100009040001600050080001700066100003000083245004900113260003500162300001300197650004100210650001900251650001000270IN-BaIIA211028s9999 xx 000 0 eng d cIIA Library a524.337bPAY aPayne-Gaposchkin, Cecilia 4aThe galactic novaecCecilia Payne-Gaposchkin aAmsterdambNorth-Hollandc1957 ax, 336p. aAstronomy and astrophysics thesaurus aGalactic novae aNovae